000 00539nam a2200205 i 4500
001 59168
003 ES-MaACL
005 20230906163959.0
007 t|
008 031027s1982 fr ||||1| fre d
020 _a2-01-009280-5
100 1 _aElias, Norbert.
_946969
245 1 3 _aLa civilisation des moeurs /
_cNorbert Elias.
260 _aParís :
_bCalmann-Lévy,
_c[1982]
300 _a447 p. ;
_c18 cm.
490 1 _aPluriel
830 0 _aPluriel
_9182670
852 _aES-MaACL
_jL-11309
_bR.112907
999 _c59168
_d59168